UEFA Champions League Finalists - Statistics

General Stats
  • This quiz has been taken 1,592 times
  • The average score is 32 of 42
Answer Stats
Answer % Correct
Real Madrid
100%
Barcelona
99%
Chelsea
99%
Inter Milan
99%
Liverpool
99%
A.C. Milan
98%
Bayern Munich
98%
Borussia Dortmund
98%
Manchester City
98%
Manchester United
98%
Juventus
97%
Paris Saint-Germain
97%
Atlético Madrid
96%
Tottenham Hotspur
96%
Porto
94%
Ajax
92%
Arsenal
92%
Benfica
89%
Nottingham Forest
89%
Marseille
88%
Aston Villa
86%
PSV Eindhoven
83%
Valencia
83%
Celtic
80%
Monaco
79%
Bayer Leverkusen
78%
Hamburg SV
77%
Red Star Belgrade
77%
Feyenoord
76%
Roma
70%
Steaua București
56%
Eintracht Frankfurt
47%
Fiorentina
47%
Leeds United
47%
Sampdoria
47%
Reims
46%
Borussia Mönchengladbach
42%
Club Brugge
40%
Malmö FF
38%
Saint-Étienne
37%
Panathinaikos
33%
Partizan
33%
No matching quizzes found
Score Distribution
Percent of People with Each Score
Percentile by Number Answered
Your Score History
You have not taken this quiz